KOHA-Header-6

MEO's Human Physiology systemic applied (Record no. 5826)

000 -LEADER
fixed length control field 00248nam a2200109Ia 4500
020 ## - INTERNATIONAL STANDARD BOOK NUMBER
ISBN 9789696375012
100 ## - MAIN ENTRY--AUTHOR NAME
Personal name Sultan Ayoub
245 #0 - TITLE STATEMENT
Title MEO's Human Physiology systemic applied
260 ## - PUBLICATION, DISTRIBUTION, ETC. (IMPRINT)
Place of publication Karachi
Name of publisher Paramount
Year of publication 2019
300 ## - PHYSICAL DESCRIPTION
Number of Pages 279
942 ## - ADDED ENTRY ELEMENTS (KOHA)
Koha item type Books
Holdings
Withdrawn status Lost status Collection code Permanent Location Current Location Shelving location Date acquired Full call number Accession Number Koha item type
    Bio Sciences MAJU MAJU Shelf No.A37 2019-09-05 612.21 9235 Bio Science

Powered by Koha